Complete the Card - WWE Royal Rumble 2007 - Statistics

General Stats
  • This quiz has been taken 447 times
  • The average score is 9 of 11
Answer Stats
Answer % Correct
John Cena
98%
The Undertaker
98%
Batista
93%
Jeff Hardy
87%
Matt Hardy
87%
Bobby Lashley
83%
Umaga
82%
Mr. Kennedy
67%
Johnny Nitro
64%
Joey Mercury
63%
Test
62%
No matching quizzes found
Score Distribution
Percent of People with Each Score
Percentile by Number Answered
Your Score History
You have not taken this quiz